00630nam a2200181Ia 4500008004100000082001700041100001900058245004700077250000800124260002900132300001300161500002400174650001400198942000700212952010600219952010600325999001700431230524s9999 xx 000 0 und d a642.151bHAR aSheila C.Haran 0aSynchronous Induction and Special Machines a1ST aNEW DELHIbScitechc2001 a5.36+0.4 aQuantity Number: 2 aMechanics cBK 00104070aTATCLbTATCLcGENd2023-05-24l0o642.151 HARp6917r2023-05-24w2023-05-24yBKzBECS2214 00104070aTATCLbTATCLcGENd2023-05-24l0o642.151 HARp6918r2023-05-24w2023-05-24yBKzBECS2214 c24366d24366